LEADER 00652naa a2200157 i 4500 001 000000295950 003 CaOOAMICUS 005 20180831172535.0 008 180831n xx u000 u und u 013 $a3359 040 $aSeMil$bita 100 1 $aSpinelli, Giovanni,$c.$0(OLS)http://semarc/name/9591 245 10$aSan Bernardo di Clairvaux, protagonista del secolo 12. 600 04$aBernardo : di Chiaravalle .$0(OLS)http://semarc/subject/739 773 0 $tFlorentissima proles Ecclesiae.$dTrento : Civis, 1996.$kBibliotheca Civis$w()49716 996 $6245$aSan Bernardo di Clairvaux, protagonista del secolo 12.$9(OLS)http://semarc/title/372011 LEADER 00773nam a2200217 i 4500 001 000000068570 003 CaOOAMICUS 005 20100728000000.0 008 100728s1967 it u000 u ita u 013 $a39742 040 $aSeMil$bita 100 1 $aKolosimo, Peter <1922-1984>.$0(OLS)http://semarc/name/34208 245 10$aPsicologia dell'eros /$cPeter Kolosimo. 250 $a2. ed. 260 $aMilano :$bRizzoli,$c1967. 300 $a427 p. ;$c23 cm. 650 4$aSesso - Psicologia.$0(OLS)http://semarc/subject/4714 850 $aSeMil 852 $aSeMil$W1$xVenegono$y1$m2O III 177$j34723$B34723$CSeMilBibl$Z2$F34726 $81 996 $6245$aPsicologia dell'eros$9(OLS)http://semarc/title/109517 996 $6260$aMilano :$bRizzoli$9(OLS)http://semarc/publisher/29824